Statistics for Denmark in Eurovision - 12 points

Click here to take the quiz!

General Stats

  • This quiz has been taken 23 times
    (9 since last reset)
  • The average score is 66 of 73

Answer Stats

HintAnswer% Correct
2023 (Televote)Finland
100%
2006Finland
100%
1987Germany
100%
2010Germany
100%
2018 (Jury)Germany
100%
2018 (Televote)Germany
100%
1979Germany
100%
1982Germany
100%
2021 SF (Televote)Iceland
100%
2008Iceland
100%
2021 (Televote)Iceland
100%
2023 SF (Televote)Iceland
100%
1999Iceland
100%
2000Iceland
100%
2002Malta
100%
2001Malta
100%
2005 SFNorway
100%
2009Norway
100%
2009 SFNorway
100%
2013Norway
100%
2005Norway
100%
1985Norway
100%
2017 SF (Jury)Norway
100%
2019 (Televote)Norway
100%
2018 SF (Televote)Norway
100%
2019 SF (Televote)Norway
100%
2016 (Televote)Sweden
100%
2017 (Televote)Sweden
100%
2015Sweden
100%
2023 (Jury)Sweden
100%
2014Sweden
100%
2012Sweden
100%
2019 SF (Jury)Sweden
100%
2019 (Jury)Sweden
100%
2017 (Jury)Sweden
100%
2011 SFSweden
100%
2010 SFSweden
100%
2006 SFSweden
100%
1996 QRSweden
100%
1990Sweden
100%
2004Sweden
100%
1984Sweden
100%
2007Sweden
100%
2008 SFSweden
100%
1995Sweden
100%
2022 (Televote)Ukraine
100%
2022 SF (Televote)Ukraine
100%
2016 (Jury)Ukraine
100%
1992United Kingdom
100%
1997United Kingdom
100%
2015 SFBelgium
88%
2016 SF (Televote)Belgium
88%
1981Ireland
88%
1986Ireland
88%
1980Ireland
88%
2011Ireland
88%
1978Spain
88%
1991Switzerland
88%
2021 SF (Jury)Switzerland
88%
2021 (Jury)Switzerland
88%
2022 (Jury)Greece
75%
2022 SF (Jury)Netherlands
75%
2014 SFNetherlands
75%
1993France
63%
1988Yugoslavia
63%
1983Yugoslavia
63%
2016 SF (Jury)Australia
50%
2018 SF (Jury)Australia
50%
2007 SFHungary
50%
2013 SFRussia
50%
2012 SFRussia
50%
2004 SFBosnia & Herzegovina
38%
2017 SF (Televote)Bulgaria
38%

Score Distribution

Percentile by Number Answered

Percent of People with Each Score

Your Score History

You have not taken this quiz since the last reset